Normal view
MARC view
- Medical - Journals.
Entry Topical Term
001 - CONTROL NUMBER
- control field: 25720
003 - CONTROL NUMBER IDENTIFIER
- control field: NUST
005 - DATE AND TIME OF LATEST TRANSACTION
- control field: 20191118095352.0
008 - FIXED-LENGTH DATA ELEMENTS
- fixed length control field: 191118|| aca||aabn | a|a d
040 ## - CATALOGING SOURCE
- Original cataloging agency: NUST
- Transcribing agency: NUST
150 ## - HEADING--TOPICAL TERM
- Topical term or geographic name entry element: Medical - Journals.
670 ## - SOURCE DATA FOUND
- Source citation: Work cat.: (NUST): Isra University Pakistan. 25719, Isra Medical Journal /
